Rilevanza civile del matrimonio religioso negli Stati dell'Unione Europea
Saved in:
| Hovedforfatter: | |
|---|---|
| Format: | Bog |
| Sprog: | italiensk |
| Udgivet: |
Macerata
Università degli Studi di Macerata
1997
|
| Fag: | |
| Tags: |
Tilføj Tag
Ingen Tags, Vær først til at tagge denne postø!
|
MARC
| LEADER | 00000nam a2200000 a 4500 | ||
|---|---|---|---|
| 001 | UCM9957 | ||
| 003 | CL-VaPUC | ||
| 008 | 030530e19970000IT |||||||||||||||||ita|d | ||
| 082 | 0 | 4 | |a 262.933 |b MAN |2 21 |
| 100 | |a Mantuano, Ginesio |e autor |9 476634 | ||
| 245 | 1 | 0 | |a Rilevanza civile del matrimonio religioso negli Stati dell'Unione Europea |
| 300 | |a v | ||
| 942 | |c BK | ||
| 945 | |d 20030530 00:00:00 |a cmena | ||
| 260 | |a Macerata |b Università degli Studi di Macerata |c 1997 | ||
| 500 | |a v.1: Sistemi matrimoniali a confronto: matrimonio civile obbligatorio e facoltativo | ||
| 650 | 7 | |a MATRIMONIO |2 CL-VaPUC |9 476635 | |
| 650 | 7 | |a DERECHO CANONICO |2 CL-VaPUC |9 476636 | |
| 650 | 0 | |a Sacramentos |9 257270 | |
| 650 | 0 | |a Derecho eclesiástico |9 255055 | |
| 650 | 0 | |a Derecho de familia |9 255603 | |
| 583 | |a last modification |c 20030530 00:00:00 |k Rodrigo Vera | ||
| 999 | |c 304025 |d 304023 | ||
| 952 | |0 0 |1 0 |4 0 |6 262_933000000000000_MAN_1997 |7 0 |8 A |9 365763 |a BIBDER |b BIBDER |d 2019-11-21 |h v.1 |i 3903249 |o 262.933 MAN 1997 |p 3903249 |r 2023-01-25 |w 2019-11-21 |y BK |k DER | ||